| 000 | 00705nam a2200193Ia 4500 | ||
|---|---|---|---|
| 003 | GCL | ||
| 008 | 140319s9999 xx 000 0 ara d | ||
| 040 |
_aGCL / _cGCL |
||
| 082 | 0 | 4 |
_a658.403 _bم ا |
| 100 | 1 | _aمحسن احمد الخضيرى | |
| 245 | 1 | 0 |
_aادارة الازمات: منهج اقتصادى ادارى لحل الازمات على مستوى الاقتصاد القومى والوحدة الاقتصادية / _cمحسن احمد الخضيرى |
| 260 |
_a[S.N] : _bمكتبة مدبولى |
||
| 300 | _a264 ص | ||
| 490 | _a | ||
| 650 | 0 | 4 | _aالازمات الاقتصادية |
| 650 | 0 | 4 | _aادارة الازمات |
| 650 | 0 | 4 | _aاتخاذ القرارات |
| 942 |
_2ddc _cBK |
||
| 999 |
_c35639 _d35639 |
||